Les Guillaume célèbres - Statistiques

Statistiques générales
  • Ce quiz a été pris 253 fois
  • Le résultat moyen est 5 sur 10
Statistiques - réponses
Indice Guillaume... % Correct
Acteur, réalisateur et et producteur Français, marié à Marion Cotillard. Canet
85%
Poète et écrivain Français né en 1880. Apollinaire
81%
Héros légendaire, il est connu pour avoir tirer a l'arbalète dans une pomme posée sur la tête de son fils. Tell
75%
Acteur décédé en 2008, fils d'un célèbre acteur ayant incarné Obélix au cinéma. Depardieu
68%
Roi d'Angleterre, de 1066 à 1087. 1er / Le conquérant
67%
Écrivain Français, auteur de "Central Park", "Et après" et "La fille de papier". Musso
42%
Humoriste de la nouvelle génération, connu pour ces duos avec Jeremy Ferrari. Bats
38%
Acteur Français, il joue le rôle de Renaud Lepic dans la série "Fais pas si, fais pas ça". De Tonquedec
37%
Ancien footballeur, il a notamment évolué comme attaquant au PSG de 2008 à 2013. Hoarau
30%
Ancien handballeur Français, il est aujourd'hui le sélectionneur de l'équipe de France. Gille
23%
Aucun quiz correspondant
Distribution des résultats
% des personnes avec chaque résultat
Percentile par nombre de réponses
Votre historique - résultats
Vous n’avez pas pris ce quiz